Unit 1 Spanish Vocab English -> Spanish - Statistics

General Stats
  • This quiz has been taken 18 times
  • The average score is 13 of 44
Answer Stats
Hint Answer % Correct
with me conmigo
87%
with you contigo
87%
to change cambiar
67%
to pay pagar
67%
to use usar
60%
woman la mujer
47%
to sell vender
47%
change el cambio
40%
shoe el zapato
40%
boot la bota
40%
to receive recibir
40%
to tell contar
33%
man el hombre
33%
gold el oro
33%
gift el regalo
33%
hat el sombrero
33%
dress el vestido
33%
quality la calidad
33%
jacket la chaqueta
33%
vacation las vacaciones
33%
cotton el algódon
27%
in cash en efectivo
27%
to save ahorrar
20%
ring el anillo
20%
sweater el suéter
20%
scarf la bufanda
20%
jewel la joya
20%
pearl la perla
20%
silver la plata
20%
earring el arete
13%
leather el cuero
13%
raincoat el impermeable
13%
material el material
13%
pajamas el pijama
13%
swimsuit el traje de baño
13%
wool la lana
13%
the offer la oferta
13%
the bracelet la pulsera
13%
fits (him/her) well quedarle bien
13%
cheap barato, barata
7%
expensive caro, cara
7%
short corto, corta
7%
Web la Red
7%
long largo, larga
7%
No matching quizzes found
Score Distribution
Percent of People with Each Score
Percentile by Number Answered
Your Score History
You have not taken this quiz